000 00900nac a22002657a 4500
001 BR6007319
003 BR-BrBNA
005 20240105113208.0
008 230509b bl.|||m| |||| 00| 0 por d
040 _aBR-BrBNA
_bpor
_cBiblioteca Nacional de Agricultura
072 _aE30; E10; A50
090 _aE30 BR6007319
110 1 _aCentro de Pesquisas e Desenvolvimento, Camacari, BA (Brasil)
_91648
245 1 _aRelatorio de atividades 1975 [Centro de Pesquisas e Desenvolvimento; Bahia; Brasil]
260 3 _aCamacari, BA (Brasil):
_c1976.
300 _a106 p.
490 _aRelatorio - Centro de Pesquisas e Desenvolvimento (Brazil)
_v
_x
650 _aPROJETO DE DESENVOLVIMENTO
650 _aTECNOLOGIA AGRICOLA
650 _aDESENVOLVIMENTO ECONOMICO
650 _aPROGRAMA DE PESQUISA
650 _aBAHIA
909 _a202312
_bLúcia Elande
_c55
_dLúcia Elande
942 _2AGRIS
_n0
_cMS
999 _c262411
_d262411